[Event "FRA-chT4 1516"]
[Site "Champagne Ardennes"]
[Date "2015.12.06"]
[Round "3"]
[White "Kerlau, Gildas"]
[Black "Vallet, Aurelien"]
[Result "1-0"]
[WhiteElo "1765"]
[BlackElo "1562"]
[PlyCount "125"]
[EventDate "2015.12.06"]
[EventType "team-tourn"]
[EventRounds "7"]
[EventCountry "FRA"]
[SourceTitle "EXT 2024"]
[Source "ChessBase"]
[SourceDate "2023.10.10"]
[SourceVersion "1"]
[SourceVersionDate "2023.10.10"]
[SourceQuality "1"]

1. d4 d5 2. c4 e6 3. Nc3 Nf6 4. Nf3 c6 5. e3 Nbd7 6. Qc2 Bb4 7. Bd3 c5 8. 0-0 cxd4 9. exd4 dxc4 10. Bxc4 0-0 11. Be3 a6 12. Bd3 b5 13. Ne4 Bb7 14. Nxf6+ Nxf6 15. Ng5 Rc8 16. Bxh7+ Kh8 17. Qd3 Qd5 18. f3 Qc4 19. a3 Qxd3 20. Bxd3 Be7 21. Ne4 Nd5 22. Bd2 f5 23. Nc3 Bf6 24. Ne2 f4 25. Rac1 g5 26. Rxc8 Rxc8 27. Rc1 Rxc1+ 28. Bxc1 b4 29. Be4 a5 30. Bd2 Ba6 31. Bxd5 exd5 32. Kf1 bxa3 33. bxa3 a4 34. Bc3 Kg7 35. Ke1 Kf7 36. Nc1 Ke6 37. g3 fxg3 38. hxg3 Kf5 39. Kf2 g4 40. Na2 gxf3 41. Kxf3 Bd3 42. g4+ Kg5 43. Bd2+ Kg6 44. Be3 Be7 45. Bc1 Be4+ 46. Kg3 Bd6+ 47. Kh4 Bh2 48. Be3 Bd6 49. Nc3 Bxa3 50. Nxa4 Be7+ 51. g5 Bb4 52. Nc5 Bf5 53. Kg3 Be1+ 54. Kf4 Bh4 55. Ke5 Bxg5 56. Bxg5 Kxg5 57. Kxd5 Kf6 58. Kd6 Kf7 59. Kc7 Be6 60. Nxe6 Kxe6 61. Kc6 Ke7 62. d5 Kd8 63. Kd6 1-0